000 00804cam a22003135a 4500
001 16506913
003 OSt
005 20140310184441.0
008 101018s2011 nyu 000 0 eng
010 _a 2010939561
020 _a9780545290593
020 _a0545341396
040 _aDLC
_cDLC
_dDLC
042 _apcc
050 _aPZ 7
_b.R585 1920
100 1 _aRiordan, Rick.
_918585
245 1 0 _aVespers rising /
_cRick Riordan, Peter Lerangis, Gordon Korman.
260 _aNew York :
_bScholastic Press,
_c1920.
263 _a1104
300 _a238 p. :
_c23 cm.
490 0 _aThe 39 clues
521 _aG4
526 _c690
906 _a0
_bibc
_corignew
_d2
_eepcn
_f20
_gy-gencatlg
942 _2lcc
_cBK-SCHOLAS
999 _c34461
_d34461